000 01470nam a2200241 a 4500
001 000748579
003 AM-YeHGA
005 20250617162243.0
008 100702s1949 ||||||||r|||||000|0|rus|d
040 _aAM-YeHGA
041 0 _arus
100 1 _aГольдштейн, Д.Е.
245 1 0 _aМатериалы к изучению лимфатической системы методом прижизненной лимфографии /
_cД.Е. Гольдштейн; Под ред. Л.И. Шулутко; Казанский научно-исследовательский институт ортопедии и восстановительной хирургии; Казанский государственный институт усовершенствования врачей им. В.И. Ленина.
260 _aКазань :
_bТатгосиздат,
_c1949.
300 _a76 с. :
_bил. ;
_c22 см.
504 _aБиблиогр.: с. 72-76
650 1 4 _aЛимфатическая система
650 1 4 _aЛимфаниография
700 1 _aШулутко, Л.И.
_eред.
_4edt
710 2 _aКазанский научно-исследовательский институт ортопедии и восстановительной хирургии
710 2 _aКазанский государственный институт усовершенствования врачей им. В. И. Ленина
090 _c489335
999 _c485966
_d485966